Quizzes
Events
Quiz Creation
Community
Videos
Private Events
Remove Ads
Sign In
Join for FREE
Feedback
Dark Mode
Quiz Categories
Sports
Geography
Music
Movies
Television
Just For Fun
Miscellaneous
History
Literature
Language
Science
Gaming
Entertainment
Religion
Holiday
For Kids
Quiz Lab
Recent
Popular Today
Quiz Kudos Today
Editor Picks
Curator Picks
Quizzes by...
Day
Popularity
Type
Ratings
Length
Year
Community
Subscriptions
Recent Discussions
Orange Saloon
Badges
Playlists
Quests
Create
Leaderboards
Showdown
Live 5
Trivia Bingo
Activity
Puzzle Library
Sporcle Events
Private Events
Virtual Trivia
Globe League
Become a Host
Pub Owners
SporcleCon
Opinionation
Our Games
Videos
Blog
Mobile Apps
Partnerships
Remove Ads and Go Orange
Feedback
Music
Pop Music
The Beatles
Song
Album
Lyrics
Bands
Singers
Artist
Clip
Rock
Rap
Classical
Billboard
Country Music
Kpop
Taylor Swift
Music
Pop Music
The Beatles
Song
Album
Lyrics
Bands
Singers
Artist
Clip
Rock
Rap
Classical
Billboard
Country Music
Kpop
Taylor Swift
Random Quiz
Search Sporcle
×
Quiz Lab
Quiz Lab
Music
Thrash Metal
Type in answers that appear in a list
Type in answers that appear in a list
Classic
Best Score? Go Orange.
Thrash Metal Bands By Song Stats
Can you name the Thrash Metal Bands By Song?
By
beyond_eternity
5m
28 Questions
209 Plays
209 Plays
209 Plays
Comments
Comments
Give Quiz Kudos
Give Quiz Kudos
-
- Ratings
hide this ad
Replay
Link that replays current quiz
Next Quiz
Link to next quiz in quiz playlist
You Got
0%
They Got
Avg Score
44%
Avg Friend Score
Upgrade to see
Score Distribution
Jump to the score distribution portion of the page
Score
0/28
Timer
05:00
0
Plays Today
Song
Band
% Correct
Ghosts of War
Slayer
87.1%
And Then There Were None
Exodus
78.5%
Aftershock
Anthrax
77%
Inner Self
Sepultura
76.1%
Magic Dragon
Sodom
69.4%
No Escape
Kreator
67.9%
Seemingly Endless Time
Death Angel
65.1%
Who Tends the Fire
Overkill
65.1%
A Day of Reckoning
Testament
59.8%
Merciless Death
Dark Angel
59.8%
Death Trap
Destruction
57.9%
Chemical Invasion
Tankard
56%
Phobophobia
Vio-Lence
51.2%
Brainwashed
Nuclear Assault
48.8%
Song
Band
% Correct
Step By Step
Forbidden
44.5%
In Search of Sanity
Onslaught
38.8%
Khomaniac
Artillery
34.9%
Mistress of Deception
Coroner
31.6%
Misguided Fortune
Flotsam And Jetsam
30.6%
One Nation
Sacred Reich
30.1%
Fire In the Hole
Lääz Rockit
28.2%
Wildfire
Sabbat
19.6%
Essence of Evil
Whiplash
18.2%
Souls of Sacrifice
Devastation
10%
AGD
Assassin
9.6%
Unrest They Find
Forced Entry
8.6%
Rest In Pieces
Atrophy
7.7%
Ziita
Poltergeist
4.8%
Quiz Playlist
Details
Report
Send in Message
Add To Playlist
Classic:
Type in answers that appear in a list
Last Updated: Mar 17, 2017
Quiz Scoreboard
CHALLENGE
Sign Up to Join the Scoreboard
Show All
Scores
Hide
Comments
May contain spoilers
Recently Published
Popular People in 1961
by mucciniale
History
6m
1-10 Letter E Words III
by El_Dandy
Language
2m
One Thing in Common: World Cities II
by knightlancer
Geography
7m
More to Explore
Quiz From the Vault
Featured Blog Post
Where Did the Easter Bunny Come From?
hide this ad
You Might Also Like...
Tags
Anthrax
Heavy Metal
metal
sepultura
thrash
Thrash Metal
Today's Top Quizzes in Music
Browse Music
hide this ad
Top Contributed Quizzes in Music
1
Taylor Swift All Songs (2024)
2
2010s Album by Cover III
3
Taylor Swift Logic Puzzle
4
One Thing in Common: Music
5
Guess the Artist- 70s Songs
6
Guess the Taylor Swift song (Mystery Song)
7
2010s Album by Cover V
8
2010s Album by Cover IV
9
Lana Del Rey Discography (BTD to DYKTTATUOB)
10
KPOP LOGIC QUIZ
Explore More
Trending Topics
NBA
Anime
Disney
Crossword
Harry Potter
Kpop
Marvel
Pokémon
Soccer
Country
Puzzle
WWE
NFL
Song
The Office
hide this ad
More By:
beyond_eternity
Quiz
Plays
Rating
Category
Featured
Created
European metal bands by album cover
272
Music
Jun 7, 2018
Thrash Metal Vocalists
243
Music
Apr 12, 2017
Thrash Metal Bands By Guitarists
216
Music
Mar 17, 2017
European Metal Bands/Artists By Picture
209
Music
Apr 13, 2017
Thrash Metal Bands By Song
209
Music
Mar 15, 2017
Go to Creator's Profile
Score Distribution
Quiz Creator Spotlight
beyond_eternity
Follow
Send a Message
Quizzes Created
-
Created Quiz Play Count
-
More By This Creator
Popular Quizzes Today
1
Find the US States - No Outlines Minefield
2
The Countries of the World
3
Find the Countries of Europe - No Outlines Minefield
4
Popular People in 1961
5
1-10 Letter E Words III
6
Find the US States
7
One Thing in Common: World Cities II
8
US States
More Music Quizzes
Bands/Artists From Colorado
Quiz Lab
Trending Quizzes
Risky Map Clicking: Least Populous States A-Z
1-10 Letter F Words
1-10 Letter G Words
One Thing in Common: United Kingdom
Risky Map Clicking: Next State Alphabetically
Recently Updated
Leaping Animals
pecheneg
Reality TV Shows (A-Z)
bhenderson79
Rickey Henderson's Hall of Fame Teammates
pecheneg
Champions League XIs: Arsenal
pecheneg
Quick Pick: Celebrities in WWE's Hall of Fame
aduchscher
A-Z Keypad Blitz II
pecheneg
Multiple Oscar Actors
pecheneg
Mystery Phrase Blitz: Oscar 'Best Actors'
pecheneg
F. Scott Fitzgerald Novels
LTH
Pick 3 Villains
ddd62291
Trending Topics
Marvel
NBA
Crossword
Harry Potter
Anime
Disney
Kpop
WWE
Country
Soccer
Pokémon
The Office
NFL
Song
Puzzle
Your Account Isn't Verified!
In order to create a playlist on Sporcle, you need to verify the email address you used during registration. Go to your
Sporcle Settings
to finish the process.
Report this User
Report this user for behavior that violates our
Community Guidelines
.
Details:
Send Report
Go to the Sporcle.com Mobile Site →
Comments